000
00225 a2200097 4500
001
34674
100
_a
Jamil-ud-din Ahmad
245
_a
Glimpses of Quaid-e-Azam
260
_a
Karachi
_b
Royal Book co
_c
090
_c
22958
_d
22958
942
_a
NUST-CAE
_c
M
_c
14400
999
_c
269747
_d
269747